000
00271nam a22001217a 4500
008
181219b xxu||||| |||| 00| 0 eng d
041
_a
eng
080
_2
2nd
_a
621
100
_a
26
101
_a
IM
245
_a
Nuclear Radiation Detection
_c
Price,W.J
942
_2
udc
_c
BK
999
_c
53517
_d
53517